Câu hỏi và bài tập kinh tế học vi mô

Uloženo v:
Podrobná bibliografie
Hlavní autor: Hoàng Thị Tuyết
Médium: Kniha
Jazyk:Undetermined
Vydáno: Hà Nội Tài Chính 2000
Témata:
Tagy: Přidat tag
Žádné tagy, Buďte první, kdo otaguje tento záznam!
Thư viện lưu trữ: Trung tâm Học liệu Trường Đại học Cần Thơ
LEADER 00518nam a2200169Ia 4500
001 CTU_41850
008 210402s9999 xx 000 0 und d
082 |a 338.5 
082 |b T527 
100 |a Hoàng Thị Tuyết 
245 0 |a Câu hỏi và bài tập kinh tế học vi mô 
245 0 |c Hoàng Thị Tuyết 
260 |a Hà Nội 
260 |b Tài Chính 
260 |c 2000 
650 |a microeconomics - problems, exercises, etc 
980 |a Trung tâm Học liệu Trường Đại học Cần Thơ